Представление документа в формате MARC21

ПолеНазваниеЗначение
  Тип записи a
  Библиографический уровень m
001 Контрольный номер RU/URAIT/582736
005 Дата корректировки 20260429163707.4
008 Кодируемые данные 260429s2026 RU y f j 000 0 rus u
020 Индекс ISBN __
a ISBN 978-5-534-08736-9
c Цена, тираж 2129.00
040 Источник каталогиз. __
a Служба первич. каталог. ИКО Юрайт
c Служба, преобразующая запись ИКО Юрайт
e Правила каталог. RCR
041 Код языка издания __
a Код языка текста rus
044 Код страны публикации __
a Код страны публикации RU
080 Индекс УДК __
a Индекс УДК 316.6(075.32)
084 Индекс другой классификации/Индекс ББК __
2 Источник индекса rubbk
a Индекс другой классификации/Индекс ББК 88.5я723
100 Автор __
a Автор Алтунина И. Р.
q Полное имя Алтунина Инна Робертовна
245 Заглавие __
a Заглавие Социальная психология
b Продолж. заглавия учебник для вузов
c Ответственность И. Р. Алтунина ; под редакцией Р. С. Немова.
250 Сведения об издании __
a Основные сведения об издании 2-е изд.
256 Характеристики компьютерного файла __
a Характеристики компьютерного файла Электрон. дан.
260 Выходные данные __
a Место издания Москва
b Издательство Юрайт
c Дата издания 2026
300 Физическое описание __
a Объем 409 с
440 Серия __
a Серия Высшее образование
500 Примечания __
a Примечание URL: https://urait.ru/bcode/582736 (дата обращения: 29.04.2026).
520 Аннотация __
a Аннотация Учебник дает достаточно полные знания о состоянии социальной психологии на сегодняшний день. В нем изложены основные представления о социально-психологических феноменах и процессах, их основных особенностях и формах проявления. Чтобы помочь студенту в самостоятельной работе, каждая глава открывается кратким описанием содержащегося в ней материала, а заканчивается контрольными вопросами для самопроверки и списком дополнительной литературы. Издание снабжено также большим справочным аппаратом: словарем социально-психологических понятий и словарем персоналий.
538 Прим. о системных особенностях __
a Прим. о системных особенностях Режим доступа: Электронно-библиотечная система Юрайт, для авториз. пользователей
653 Ключевые слова __
a Ключевые слова Социальная и организационная психология
653 Ключевые слова __
a Ключевые слова Педагогика, психология, социальная работа
653 Ключевые слова __
a Ключевые слова Социальная психология
653 Ключевые слова __
a Ключевые слова История и теории социальной психологии
653 Ключевые слова __
a Ключевые слова Социальная психология с практикумом
653 Ключевые слова __
a Ключевые слова Социальная психология личности и группы
653 Ключевые слова __
a Ключевые слова Психология общения и конфликтология
653 Ключевые слова __
a Ключевые слова Зарубежная социальная психология
653 Ключевые слова __
a Ключевые слова Основы социальной психологии
653 Ключевые слова __
a Ключевые слова Проблема группы в социальной психологии
653 Ключевые слова __
a Ключевые слова Организационная и социальная психология
653 Ключевые слова __
a Ключевые слова Социальная психология: актуальные проблемы и перспективы развития
653 Ключевые слова __
a Ключевые слова Актуальные проблемы социальной психологии
653 Ключевые слова __
a Ключевые слова Социальная психология групп
653 Ключевые слова __
a Ключевые слова Конфликтология и психология общения
653 Ключевые слова __
a Ключевые слова Введение в социальную психологию
653 Ключевые слова __
a Ключевые слова Введение с социальную психологию
653 Ключевые слова __
a Ключевые слова Избранные проблемы социальной психологии
653 Ключевые слова __
a Ключевые слова Психология социальных групп
653 Ключевые слова __
a Ключевые слова Социальная психология малых групп
653 Ключевые слова __
a Ключевые слова Проблемы социальной психологии
653 Ключевые слова __
a Ключевые слова Социальная и организационная психология
653 Ключевые слова __
a Ключевые слова История социальной психологии
653 Ключевые слова __
a Ключевые слова Социальная психология лидерства
700 Другие авторы __
a Другие авторы Немов Р. С.
q Полное имя Немов Роберт Семенович
856 Электронный адрес документа 40
n Местонахождение сервера Юрайт
g Электронная книга
q Тип электронного формата html
h Имя пользователя ЮРАЙТ
v Часы доступа к ресурсу 20271231
2 Способ доступа Показать документ
x Служебное примечание https://urait.ru/book/cover/E6430537-7855-4933-8051-1369984E6A3F
u URL https://urait.ru/bcode/582736
856 Электронный адрес документа 48
q Тип электронного формата cover
u URL https://urait.ru/book/cover/E6430537-7855-4933-8051-1369984E6A3F
911 __
u 0030=https://urait.ru/bcode/582736
911 __
u 073a=9785534087369
u 073d=2129.00
911 __
u 106a=s
911 __
u 900l=
952 Тип литературы __
i Дисциплина Социальная психология
952 Тип литературы __
i Дисциплина История и теории социальной психологии
952 Тип литературы __
i Дисциплина Социальная психология с практикумом
952 Тип литературы __
i Дисциплина Социальная психология личности и группы
952 Тип литературы __
i Дисциплина Психология общения и конфликтология
952 Тип литературы __
i Дисциплина Зарубежная социальная психология
952 Тип литературы __
i Дисциплина Основы социальной психологии
952 Тип литературы __
i Дисциплина Проблема группы в социальной психологии
952 Тип литературы __
i Дисциплина Организационная и социальная психология
952 Тип литературы __
i Дисциплина Социальная психология: актуальные проблемы и перспективы развития
952 Тип литературы __
i Дисциплина Актуальные проблемы социальной психологии
952 Тип литературы __
i Дисциплина Социальная психология групп
952 Тип литературы __
i Дисциплина Конфликтология и психология общения
952 Тип литературы __
i Дисциплина Введение в социальную психологию
952 Тип литературы __
i Дисциплина Введение с социальную психологию
952 Тип литературы __
i Дисциплина Избранные проблемы социальной психологии
952 Тип литературы __
i Дисциплина Психология социальных групп
952 Тип литературы __
i Дисциплина Социальная психология малых групп
952 Тип литературы __
i Дисциплина Проблемы социальной психологии
952 Тип литературы __
i Дисциплина Социальная и организационная психология
952 Тип литературы __
i Дисциплина История социальной психологии
952 Тип литературы __
i Дисциплина Социальная психология лидерства